000 01939cam a22004817a 4500
003 CHAP
005 20220329141146.0
008 971010s1986 r 00010 d
010 _a63584
011 _a64556
035 _a70241
040 _cCHAP
082 _a581.11
_bA3
100 0 0 _aAguilera Contreras, Mauricio.
_92905
245 0 _aRelaciones agua-suelo-planta-atmósfera
260 _aChapingo, Méx. :
_bUACH. Departamento de Irrigación,
_c1986
300 _a321 p.
_b: ilus.
500 _ac.8 sust. por c.7 de la 4 ed.
500 _aPublicado originalmente como tesis
590 _aBATCH-UPD
_b10
_c20130110
_lUCH01
_h1155
590 _aBATCH-UPD
_b10
_c20130410
_lUCH01
_h0738
590 _aBATCH-UPD
_b10
_c20130914
_lUCH01
_h1335
590 _aCONVERSION
_b10
_c20130109
_lUCH01
_h1334
650 1 4 _aEvapotranspiración.
_938968
650 1 4 _aPlantas
_xAbsorción de agua.
_988789
650 1 4 _aPlantas
_xAgua requerida.
_988790
650 1 4 _aRelación agua - suelo - planta.
_995825
650 1 4 _aRelación atmósfera-suelo-planta.
_995826
650 1 4 _aSuelos y cultivos.
_9110571
650 1 4 _aSuelos
_xHumedad.
_9110391
700 0 _aMartínez Elizondo, René.
_972011
901 _aBK
942 _cLIBRO
949 _a581.11 A3
_bBC
_cLIBRO
_d-134593
_eLIBRO
_fc.5
_h47889
_i70241
_si
949 _a581.11 A3
_bBC
_cLIBRO
_d-134597
_eLIBRO
_fc.9
_h47893
_i70241
_si
949 _a581.11 A3
_bBC
_cLIBRO
_d33724000521621
_eLIBRO
_fc.7
_h47891
_i70241
_si
949 _a581.11 A3
_bBC
_cLIBRO
_d33724000580148
_eLIBRO
_fc.4
_h47888
_i70241
_si
949 _a581.11 A3
_bBC
_cLIBRO
_d33724000683322
_eLIBRO
_fc.3
_h47887
_i70241
_si
949 _a581.11 A3
_bBC
_cLIBRO
_d33724002010090
_eLIBRO
_fc.2
_h47886
_i70241
_so
949 _a581.11 A3
_bBC
_cLIBRO
_d33724002013884
_eLIBRO
_fc.11
_h20937
_i70241
_si
949 _a581.11 A3
_bBC
_cLIBRO
_d33724002015405
_eLIBRO
_h47884
_i70241
_si
949 _a581.11 A3
_bBC
_cUACH
_d-134599
_eUACH
_fc.10
_h47894
_i70241
_si
999 _c63584
_d63584